LEADER 01717cam0 2200337 450 001 E600200014749 005 20231123112701.0 100 $a20051115d2004 |||||ita|0103 ba 101 $aita 102 $aIT 200 1 $aCodice di procedura civile$fcur. Nicola Picardi$gcoordinatori Francesco Paolo Nicita$gBruno Sassani 205 $a3.ed. 210 $aMilano$cGiuffrè$d2004 215 $aXLII,3057,VII,131 p.$d24 cm.$e1 append. di aggiorn. 225 2 $afonti del diritto italiano 300 $aAppendice di aggiornamento : Commenti al nuovo rito riformato con L.14 maggio 2005, N.80 e D.L.30 giugno 2005, N.115, conv. in L.17 agosto 2005, N.168. Disposizioni di attuazione aggiornate. Modifiche al processo societario 410 1$1001LAEC00015201$12001 $aLe *fonti del diritto italiano 702 1$aPicardi, Nicola$3AF00011300$4070 702 1$aNicita, Francesco Paolo$3A600200033785$4070 702 1$aSassani, Bruno$3A600200033789$4070 801 0$aIT$bUNISOB$c20231123$gRICA 850 $aUNISOB 852 $aUNISOB$j340|Ita|Cod|A|S$m127362 852 $aUNISOB$jGiurisprudenza|Ita|Cod|A|S$m127363 912 $aE600200014749 940 $aM 102 Monografia moderna SBN 941 $aM 957 $a340|Ita|Cod|A|S$b000010$i-1$gCON$d127362$hGiurisprudenzaAS$racquisto$1diguida$2UNISOB$3UNISOB$420051115101002.0$520231123112652.0$6Spinosa$fconsultabile nell'aula studio della Facoltà di Giurisprudenza 957 $aGiurisprudenza|Ita|Cod|A|S$b000010$i-2$gCON$d127363$hGiurisprudenzaAS$1catenacci$2UNISOB$3UNISOB$420130620095342.0$520231123112701.0$6Spinosa$fconsultabile nell'aula studio della Facoltà di Giurisprudenza 996 $aCodice di procedura civile$955616 997 $aUNISOB LEADER 04285nam 22004815 450 001 9910447249303321 005 20251225184922.0 010 $a3-030-65775-2 024 7 $a10.1007/978-3-030-65775-8 035 $a(CKB)4100000011665181 035 $a(DE-He213)978-3-030-65775-8 035 $a(MiAaPQ)EBC6436036 035 $a(PPN)252514777 035 $a(EXLCZ)994100000011665181 100 $a20201219d2020 u| 0 101 0 $aeng 135 $aurnn|008mamaa 181 $ctxt$2rdacontent 182 $cc$2rdamedia 183 $acr$2rdacarrier 200 10$aAdvances in Bioinformatics and Computational Biology $e13th Brazilian Symposium on Bioinformatics, BSB 2020, São Paulo, Brazil, November 23?27, 2020, Proceedings /$fedited by João C. Setubal, Waldeyr Mendes Silva 205 $a1st ed. 2020. 210 1$aCham :$cSpringer International Publishing :$cImprint: Springer,$d2020. 215 $a1 online resource (XIII, 272 p. 83 illus., 63 illus. in color.) 225 1 $aLecture Notes in Bioinformatics,$x2366-6331 ;$v12558 311 08$a3-030-65774-4 327 $aA Classification of de Bruijn Graph approaches for De Novo Fragment Assembly -- Redundancy Treatment of NGS Contigs in Microbial Genome Finishing with Hashing-Based Approach -- Efficient Out-of-core Contig Generation -- In silico Pathogenomic Analysis of Corynebacterium pseudotuberculosis biovar ovis -- Assessing the sex-related genomic composition diffeerence using a K-mer-based approach: a case of study in Arapaima gigas (Pirarucu) -- COVID-19 X-ray Image Diagnostic with Deep Neural Networks -- Classification of Musculoskeletal Abnormalities with Convolutional Neural Networks -- Combining mutation and gene network data in a machine learning approach for false-positive cancer driver gene discovery -- Unraveling the role of Nanobodies Tetrad on their Folding and Stability Assisted by Machine and Deep Learning Algorithms -- Experiencing DfAnalyzer for Runtime Analysis of Phylogenomic Dataows -- Sorting by Reversals and Transpositions with Proportion Restriction -- Heuristics for Breakpoint Graph Decomposition with Applications in Genome Rearrangement Problems -- Center Genome With Respect to the Rank Distance -- ImTeNet: Image-Text Classification Network for Abnormality Detection and Automatic Reporting on Musculoskeletal Radiographs -- A scientometric overview of bioinformatics tools in the Pseudomonas putida genome study -- Polysome-seq as a Measure of Translational Profile from Deoxyhypusine Synthase Mutant in Saccharomyces cerevisiae -- Anti-CD3 stimulated T cell transcriptome reveals novel ncRNAs and correlates with a suppressive profile -- A simplified complex network-based approach to mRNA and ncRNA transcript classification -- A systems biology driven approach to map the EP300 interactors using comprehensive protein interaction network -- Analyzing switch regions of human Rab10 by molecular dynamics simulations -- Importance of meta-analysis in studies involving plant responses to climate change in Brazil -- A brief history of Bioinformatics told by data visualization -- Computational Simulations for Cyclizations Catalyzed by Plant Monoterpene Synthases -- Oncogenic signaling pathways in Mucopolysaccharidoses -- Natural products as potential inhibitors for SARS-CoV-2 papain-like protease: an in silico study. 330 $aThis book constitutes the refereed proceedings of the Brazilian Symposium on Bioinformatics, BSB 2020, held in São Paulo, Brazil, in November 2020. Due to COVID-19 pandemic the conference was held virtually The 20 revised full papers and 5 short papers were carefully reviewed and selected from 45 submissions. The papers address a broad range of current topics in computational biology and bioinformatics. 410 0$aLecture Notes in Bioinformatics,$x2366-6331 ;$v12558 606 $aBioinformatics 606 $aBioinformatics 615 0$aBioinformatics. 615 14$aBioinformatics. 676 $a572.80285 702 $aSetubal$b Joa?o Carlos 702 $aSilva$b Waldeyr Mendes 801 0$bMiAaPQ 801 1$bMiAaPQ 801 2$bMiAaPQ 906 $aBOOK 912 $a9910447249303321 996 $aAdvances in Bioinformatics and Computational Biology$92998120 997 $aUNINA